000
00315nam a2200133Ia 4500
008
240624s9999 xx 000 0 und d
041
_a
eng
082
_a
344.01 TAX
100
_a
TAXMANN
245
_a
TAXMANN S LABOUR LAWS
260
_c
2008
_a
New Delhi
_b
Taxmann
300
_a
579 : p. : cm. ; 24
365
_c
RS
_b
25
999
_c
8929
_d
8929